| 000 | 00485nam a22001817a 4500 | ||
|---|---|---|---|
| 001 | 200426687 | ||
| 003 | TR-AnTOB | ||
| 005 | 20240520160726.0 | ||
| 008 | 170523b xxu||||| |||| 00| 0 tur d | ||
| 040 |
_aTR-AnTOB _cTR-AnTOB |
||
| 041 | 0 | 0 | _atur |
| 050 | _aPL248 | ||
| 245 | 1 | 0 | _aHayati divanı. |
| 264 | 1 |
_a[Place of publication not identified] : _b[publisher not identified] _c[date of publication not identified] |
|
| 300 |
_apages ; _ccm |
||
| 942 |
_2lcc _cBK |
||
| 999 |
_c200426687 _d44611 |
||